| 000 | 00430nam a22001337a 4500 | ||
|---|---|---|---|
| 005 | 20250807095528.0 | ||
| 008 | 250807b |||||||| |||| 00| 0 eng d | ||
| 050 | _aTHE:DT 433.75.O84 2017 | ||
| 100 | _aOGAMBA ZACHARY OTEKI | ||
| 245 | _aHISTORICAL REFLECTION OF SELECTED WOMEN,S INVOLVEMENT IN THE STRUGGLE FOR KENYA 'S INDEPENDENCE '1920-1963 | ||
| 260 |
_aKENYA _bKISII UNIVERSITY _c2017 |
||
| 300 | _aX,86 | ||
| 942 |
_2lcc _cREF |
||
| 999 |
_c215991 _d215991 |
||